Car brands #3 - Statistics

General Stats
  • This quiz has been taken 59 times
  • The average score is 8 of 9
Answers on the Map
Answers color-coded by a green-red scale on the quiz's map according to % correct below.
 
Answer Stats
Answer % Correct
Ford
94%
Lotus
92%
BMW
91%
KIA
91%
Nissan
91%
JEEP
89%
MINI
89%
Dacia
81%
Fiat
75%
No matching quizzes found
Score Distribution
Percent of People with Each Score
Percentile by Number Answered
Your Score History
You have not taken this quiz